| 000 | 00322nam a22001217a 4500 | ||
|---|---|---|---|
| 020 | _a81-7029-858-X | ||
| 082 | _a004.64 COW'W | ||
| 100 |
_aCOWART, ROBERT WATERS, BOYD _975586 |
||
| 245 | _aWINDOWS NT SERVER 4 NO EXPERIENCE REQUIRED | ||
| 260 |
_aNEW DELHI _bBPB PUBLICATIONS _c1997 |
||
| 300 | _aXVII, 488P | ||
| 942 | _cBK | ||
| 999 |
_c580980 _d580980 |
||